000 00422nam a2200169Ia 4500
008 100917s9999 xx 000 0 und d
082 _b4408
100 _aभावे पु. भा.
245 _aदेव्हारा
260 _b---
_c1956
365 _b3
520 _aनाटक
630 _aदेव्हारा
650 _aनाटक
730 _aदेव्हारा
942 _cBOOK
999 _c609802
_d609799